Slovensko-nemecký vetník obchodnej korešpondencie /

Saved in:
Bibliographic Details
Main Author: Závada, Dušan (Author)
Format: Book
Language:Multiple languages
Published: Bratislava : Ister Science, 1991
Edition:2.nezmenené vyd.
Tags: Add Tag
No Tags, Be the first to tag this record!

MARC

LEADER 00000nam a22000003a 4500
001 stu17938
005 20150617225755.4
008 910903s1991----cs------------------mul-d
020 |a 80-900486-4-1 
040 |a STU  |b slo 
041 0 |a mul 
044 |a cs 
080 |a 801.316.4:33=854=30 
100 1 |a Závada, Dušan  |4 aut 
245 1 |a Slovensko-nemecký vetník obchodnej korešpondencie /  |c [aut.]Závada,Dušan 
250 |a 2.nezmenené vyd. 
260 |a Bratislava :  |b Ister Science,  |c 1991 
300 |a 579 s 
996 |b C88548  |c C*88548  |l CCI  |s A  |a 24  |w stu17938_0001 
996 |b C89949  |c C*89949  |l CCXVIII  |s P  |a 0  |w stu17938_0002 
996 |b C90039  |c C*90039  |l CCVI  |s P  |a 0  |w stu17938_0003